000
00215nam a2200097Ia 4500
008
190216s9999||||xx |||||||||||||| ||und||
100
_a
Reputed Others
245
0
_a
Pocket Transilation
260
_b
Null
942
_c
BK
999
_c
11715
_d
11715